000 00713nam a2200229 a 4500
005 20250221063814.0
008 140217s2012 mx r 000 0 spa d
020 _a9788497991223
035 _aUPN01000195859
049 _aCG
050 4 _aHQ769
_bCH3.2
100 1 _aChachamu, Miriam
_934913
245 1 0 _aCómo calmar al niño desafiante /
_cMiriam Chachamu ; tr. Gemma Fors ; il. Tomas Woodbridge.
260 _aBarcelona, Esp. :
_bMedici,
_c2012.
300 _a222 p. :
_bil.
534 _pTítulo original:
_tHow to calm a challenging child
650 4 _aCrianza de niños
_96222
650 4 _aEducación de niños
_95387
650 4 _aNiños
_xDirección
_96094
905 _aLibro
999 _c167960
_d167960